| 000 | 00875nas a2200301 4500 | ||
|---|---|---|---|
| 001 | BR2012004172 | ||
| 003 | BR-BrBNA | ||
| 005 | 20231205120718.0 | ||
| 007 | ta | ||
| 008 | 230509b bl.|||p| |||| 00| 00por d | ||
| 040 |
_aBR-BrBNA _bpor _cBiblioteca Nacional de Agricultura |
||
| 041 | _a(En) | ||
| 072 | _aF02; F61 | ||
| 100 | 1 | _aHirosse, E.H. | |
| 100 | 1 | _aCreste, J.E. | |
| 100 | 1 | _aCustódio, C.C. | |
| 100 | 1 | _aMachado-Neto, N.B. | |
| 245 | 1 | _aIn vitro growth of sweet potato fed with potassium phosphite | |
| 650 | _aBATATA DOCE | ||
| 650 | _aNUTRIÇÃO VEGETAL | ||
| 650 | _aBROTAÇÃO | ||
| 650 | _aRAIZ | ||
| 650 | _aFOSFATO | ||
| 650 | _aCULTURA DE TECIDO | ||
| 773 | 0 |
_tActa Scientiarum. Agronomy (Brazil) _xISSN 1679-9275 _g(Jan-Mar 2012), v. 34(1) p. 85-91 _wBR2012004172 |
|
| 909 |
_a202311 _bLúcia _c55 _dLúcia Elande |
||
| 942 |
_2AGRIS _n0 _cANA |
||
| 999 |
_c219901 _d219901 |
||